MARC details
| 000 -CABECERA |
| campo de control de longitud fija |
01175nam a2200277 a 4500 |
| 001 - NÚMERO DE CONTROL |
| campo de control |
000033565 |
| 003 - IDENTIFICADOR DEL NÚMERO DE CONTROL |
| campo de control |
DO-SdBNP |
| 005 - FECHA Y HORA DE LA ÚLTIMA TRANSACCIÓN |
| campo de control |
20250307073710.0 |
| 008 - DATOS DE LONGITUD FIJA--INFORMACIÓN GENERAL |
| campo de control de longitud fija |
110831s1910 dr 000 0 spa d |
| 040 ## - FUENTE DE LA CATALOGACIÓN |
| Centro catalogador/agencia de origen |
DO-SdBNP |
| Lengua de catalogación |
spa |
| Centro/agencia transcriptor |
BNPHU |
| 082 #4 - NÚMERO DE LA CLASIFICACIÓN DECIMAL DEWEY |
| Número de clasificación |
M860.8 |
| Número de documento/Ítem |
A634c |
| Número de edición |
22 |
| 245 00 - MENCIÓN DE TÍTULO |
| Título |
Antología del centenario : |
| Resto del título |
estudio documentado de la literatura mexicana durante el primer siglo de independencia / |
| Mención de responsabilidad, etc. |
obra compilada bajo la dirección del maestro Justo Sierra ; por Luis G. Urbina, Pedro Henríquez Ureña, y Nicolás Rangel. |
| 260 ## - PUBLICACIÓN, DISTRIBUCIÓN, ETC. |
| Lugar de publicación, distribución, etc. |
México : |
| Nombre del editor, distribuidor, etc. |
Imp. De León Sánchez, |
| Fecha de publicación, distribución, etc. |
1910. |
| 300 ## - DESCRIPCIÓN FÍSICA |
| Extensión |
416 p. ; |
| Dimensiones |
23 cm. |
| 500 ## - NOTA GENERAL |
| Nota general |
Incluye referencias bibliográficas y notas al pie de las páginas |
| 505 0# - NOTA DE CONTENIDO CON FORMATO |
| Información miscelánea |
v.1., t.1 |
| Título |
1800-1821 |
| 590 ## - NOTA LOCAL (RLIN) |
| Nota local |
Inventariado, 2019/VM |
| 650 #4 - PUNTO DE ACCESO ADICIONAL DE MATERIA--TÉRMINO DE MATERIA |
| Término de materia o nombre geográfico como elemento de entrada |
Literatura mexicana |
| 9 (RLIN) |
1922 |
| 650 #4 - PUNTO DE ACCESO ADICIONAL DE MATERIA--TÉRMINO DE MATERIA |
| Término de materia o nombre geográfico como elemento de entrada |
Literatura mexicana |
| Subdivisión general |
Historia y crítica |
| 9 (RLIN) |
9844 |
| 700 1# - PUNTO DE ACCESO ADICIONAL--NOMBRE DE PERSONA |
| Nombre de persona |
Sierra, Justo |
| 9 (RLIN) |
59061 |
| 700 1# - PUNTO DE ACCESO ADICIONAL--NOMBRE DE PERSONA |
| Nombre de persona |
Urbina, Luis G., |
| Forma completa/desarrollada del nombre |
(Luis Gonzaga) |
| Fechas asociadas al nombre |
1864-1934 |
| Término indicativo de función/relación |
comp. |
| 9 (RLIN) |
59062 |
| 700 1# - PUNTO DE ACCESO ADICIONAL--NOMBRE DE PERSONA |
| Nombre de persona |
Henríquez Ureña, Pedro, |
| Fechas asociadas al nombre |
1884-1946 |
| Término indicativo de función/relación |
comp. |
| 9 (RLIN) |
1718 |
| 700 1# - PUNTO DE ACCESO ADICIONAL--NOMBRE DE PERSONA |
| Nombre de persona |
Rangel, Nicolás, |
| Fechas asociadas al nombre |
1864- |
| Término indicativo de función/relación |
comp. |
| 9 (RLIN) |
59063 |
| 910 ## - DATOS DE OPCIÓN DEL USUARIO (OCLC) |
| Datos de opción del usuario |
Validado. Control de calidad MFF |
| 942 ## - ELEMENTOS DE PUNTO DE ACCESO ADICIONAL (KOHA) |
| Fuente del sistema de clasificación o colocación |
Dewey Decimal Classification |
| Tipo de ítem Koha |
Libro |